| 000 | 00806nam a22002657a 4500 | ||
|---|---|---|---|
| 001 | BR2011002511 | ||
| 003 | BR-BrBNA | ||
| 005 | 20230928103635.0 | ||
| 007 | ta | ||
| 008 | 230509b bl.||||| |||| 00| 0 por d | ||
| 040 |
_aBR-BrBNA _bpor _cBiblioteca Nacional de Agricultura |
||
| 041 | _a(Por) | ||
| 072 | _aP10; E14 | ||
| 090 | _ P10 BR2011002511 | ||
| 110 | 1 |
_aMinistério do Meio Ambiente, Brasília, DF (Brasil). Secretaria de Recursos Hídricos _97132 |
|
| 245 | 1 | _aPlano nacional de recursos hídricos; síntese executiva | |
| 260 | 3 |
_aBrasília, DF (Brasil): _c2006. |
|
| 300 | _a135 p. | ||
| 650 | _aPROJETO DE DESENVOLVIMENTO | ||
| 650 | _aRECURSO HÍDRICO | ||
| 650 | _aPOLÍTICAS PÚBLICAS | ||
| 650 | _aPOLÍTICA NACIONAL | ||
| 909 |
_a202309 _bLucia _c55 _dLucia Elande |
||
| 942 | _cBK | ||
| 999 |
_c75921 _d75921 |
||